Statistics for Things that start with M and end in N

Click here to take the quiz!

General Stats

  • This quiz has been taken 40 times
  • The average score is 4 of 5

Answer Stats

Answer% Correct
Muffin
95%
Mitten
86%
Minion
78%
Macaron
57%
Man
54%

Score Distribution

Percentile by Number Answered

Percent of People with Each Score

Your Score History

You have not taken this quiz